Football titres Europe 2018-2019 - Statistiques

Statistiques générales
  • Ce quiz a été pris 1 049 fois
    728 depuis la dernière actualisation
  • Le résultat moyen est 12 sur 28
Statistiques - réponses
Hint Réponse % Correct
Ligue des Champions Liverpool
98%
Premiere Ligue Manchester City
83%
Ligue 1 Paris
79%
Liga Barcelone
78%
Serie A Juventus
73%
FA CUP Manchester City
71%
Supercoupe d'Europe Liverpool
70%
Bundesliga Bayern Munich
68%
Carabao Cup Manchester City
64%
Coupe d'allemagne Bayern Munich
63%
Trophée des Champions Paris
62%
Liga Nos Benfica
57%
Europa League Chelsea
54%
Coupe de France Rennes
50%
Eredivisie Ajax Amsterdam
39%
Coupe d'Italie Lazio
39%
Coupe du Roi Valence
35%
Championnat Turc Galatasaray
26%
Coupe de la Ligue Strasbourg
25%
Championnat d'Ecosse Celtic
23%
Championnat Suisse Young Boys
18%
Jupiler League Genk
17%
Chamionnat Croate Dinamo Zagreb
12%
Premiere Ligue Russe Lokomotiv Moscou
9%
Championnat d'Ukraine Chakhtar Donetsk
3%
Championnat Grec PAOK Salonique
2%
Championnat Roumains CFR Cluj
1%
Championnat Suedois Djurgårdens
0%
Aucun quiz correspondant
Distribution des résultats
% des personnes avec chaque résultat
Percentile par nombre de réponses
Votre historique - résultats
Vous n’avez pas pris ce quiz depuis la dernière actualisation